000 00443nam a22001577a 4500
003 OSt
005 20151117142127.0
008 151117b xxu||||| |||| 00| 0 eng d
040 _cRUA
082 _aFIS ថោង 1992 B146 Or.1
100 _93788
_aថោងថាវី
245 _aការថែរក្សាត្រីក្លាស្សេ
260 _aPhnom Penh
_bRUA
_c1992
300 _a43p.
_bill.
_c29cm.
942 _2ddc
_cFIS
999 _c3523
_d3523